[Event "CPA Zevio 2013"]
[Site "Zevio (VR)"]
[Date "2013.01.12"]
[Round "1.2"]
[White "Marcori, Mirko"]
[Black "Luciani, Valerio"]
[Result "0-1"]
[WhiteElo "1781"]
[BlackElo "2227"]
[PlyCount "66"]
[EventDate "2014.02.11"]
[SourceDate "2014.02.11"]

1. e4 c5 2. Nf3 Nc6 3. d4 cxd4 4. Nxd4 Nf6 5. Nc3 e5 6. Nb3 d6 7. Bc4 Be7 8.
Be3 O-O 9. Qd2 Be6 10. Bd5 Ng4 11. h3 Nxe3 12. Qxe3 Nb4 13. Qe2 Nxd5 14. Nxd5
Bxd5 15. exd5 Qd7 16. O-O Rac8 17. c3 Rfe8 18. Nd2 f5 19. c4 Bf6 20. b3 Re7 21.
Rac1 b6 22. Rc2 Qe8 23. Rd1 Qg6 24. Nf1 Rf8 25. Nh2 e4 26. Nf1 Be5 27. Nh2 h5
28. Rcd2 f4 29. f3 Bc3 30. Rd3 exd3 31. Qxe7 Re8 32. Qh4 d2 33. Nf1 Re1 0-1

[Event "CPA 2013"]
[Site "Zevio (VR)"]
[Date "2013.01.12"]
[Round "1.5"]
[White "Faccia, Sergio"]
[Black "Adami, Alessandro"]
[Result "1-0"]
[WhiteElo "2013"]
[BlackElo "1738"]
[PlyCount "40"]
[EventDate "2014.02.11"]
[SourceDate "2014.02.11"]

1. e4 c5 2. b4 b6 3. bxc5 bxc5 4. Nf3 Bb7 5. Nc3 e6 6. Rb1 Bc6 7. Bc4 d5 8.
exd5 exd5 9. Qe2+ Be7 10. Bb5 Nf6 11. O-O O-O 12. d4 c4 13. Bf4 Bxb5 14. Rxb5
Re8 15. Ne5 Bd6 16. Qf3 a6 17. Rb7 Re7 18. Rfb1 Rxb7 19. Rxb7 Bc7 20. Nxf7 Bxf4
1-0

[Event "CPA Zevio 2013"]
[Site "Zevio (VR)"]
[Date "2013.01.12"]
[Round "1.8"]
[White "Zanaglia, Renato"]
[Black "Brunelli, Giovanni"]
[Result "0-1"]
[WhiteElo "1721"]
[BlackElo "1953"]
[PlyCount "86"]
[EventDate "2014.02.11"]
[SourceDate "2014.02.11"]

1. d4 Nf6 2. c4 g6 3. Nc3 d5 4. cxd5 Nxd5 5. e4 Nxc3 6. bxc3 Bg7 7. Nf3 O-O 8.
Be2 c5 9. Bb2 cxd4 10. cxd4 Qb6 11. Qb3 Nc6 12. Rd1 Bg4 13. Qxb6 axb6 14. Bc4
Rfd8 15. e5 Bxf3 16. gxf3 Ra4 17. Bb3 Raxd4 18. Bxd4 Nxd4 19. e6 Nxf3+ 20. Kf1
Rxd1+ 21. Bxd1 Nd2+ 22. Ke2 Ne4 23. exf7+ Kxf7 24. Bb3+ Kf6 25. f3 Nd6 26. Rb1
h5 27. a4 Kg5 28. Be6 Bd4 29. Rc1 Bc5 30. a5 Kh4 31. Bd5 Kh3 32. Rxc5 bxc5 33.
Bxb7 Kxh2 34. Kd3 Nxb7 35. a6 c4+ 36. Kc3 Nd6 37. Kb4 Nc8 38. Kxc4 Kg3 39. Kc5
h4 40. Kc6 h3 41. Kb7 Na7 42. Kxa7 h2 43. Kb8 h1=Q 0-1

[Event "CPA Zevio 2013"]
[Site "Zevio (VR)"]
[Date "2013.01.12"]
[Round "1.9"]
[White "Sprea, Giuseppe"]
[Black "Adami, Antonio"]
[Result "1/2-1/2"]
[WhiteElo "1947"]
[BlackElo "1720"]
[PlyCount "40"]
[EventDate "2014.02.11"]
[SourceDate "2014.02.11"]

1. d4 f5 2. Nf3 Nf6 3. c4 g6 4. g3 Bg7 5. Bg2 O-O 6. O-O d6 7. b3 Qe8 8. Bb2
Nc6 9. d5 Nd8 10. Nd4 Bd7 11. Nc3 a6 12. e3 Rb8 13. Qc2 e5 14. dxe6 Nxe6 15.
Rad1 Nc5 16. Nd5 Nxd5 17. cxd5 Rc8 18. Nf3 Bxb2 19. Qxb2 Bb5 20. Nd4 Bxf1
1/2-1/2

[Event "CPA Zevio 2013"]
[Site "Zevio (VR)"]
[Date "2013.01.12"]
[Round "1.10"]
[White "Macalello, Angelo"]
[Black "Rizzati, Aldo"]
[Result "0-1"]
[WhiteElo "1707"]
[BlackElo "1944"]
[PlyCount "62"]
[EventDate "2014.02.11"]
[SourceDate "2014.02.11"]

1. e4 e5 2. Nf3 Nc6 3. Bc4 Bc5 4. c3 Nf6 5. d4 exd4 6. cxd4 Bb4+ 7. Bd2 O-O 8.
Bxb4 Nxb4 9. Qb3 a5 10. a3 d5 11. exd5 Re8+ 12. Ne5 Nbxd5 13. O-O c6 14. Nd2
Qd6 15. Qf3 Be6 16. Rfe1 Nc7 17. Bxe6 Nxe6 18. Ndc4 Qxd4 19. Rad1 Qc5 20. Rd7
Nd8 21. Red1 Nxd7 22. Nxd7 Qxc4 23. Nb6 Qe6 24. h3 Ra6 25. Na4 Qe7 26. Nc3 b5
27. Ne4 Ne6 28. Re1 Raa8 29. h4 Nc5 30. Qc3 Nxe4 31. Qxc6 Qc5 0-1

[Event "CPA Zevio 2013"]
[Site "Zevio (VR)"]
[Date "2013.01.12"]
[Round "1.11"]
[White "Kachab, Ibraim"]
[Black "Cordioli, Luca"]
[Result "1-0"]
[WhiteElo "1922"]
[BlackElo "1697"]
[PlyCount "89"]
[EventDate "2014.02.11"]
[SourceDate "2014.02.11"]

1. e4 c5 2. Nf3 d6 3. d4 cxd4 4. Nxd4 Nc6 5. Be3 Nf6 6. f3 g6 7. Nc3 Bg7 8. Qd2
Nxd4 9. Bxd4 O-O 10. O-O-O a6 11. g4 b5 12. h4 h5 13. Bxf6 Bxf6 14. gxh5 Qa5
15. hxg6 fxg6 16. Nd5 Qxd2+ 17. Rxd2 Bb7 18. Nf4 Kf7 19. Bh3 Bc8 20. Bxc8 Raxc8
21. Rg2 Rg8 22. Nd5 e6 23. Nxf6 Kxf6 24. Rg5 Rc5 25. f4 Rh8 26. b3 a5 27. Kb2
b4 28. Rg4 e5 29. Rd1 Rhc8 30. Rdg1 exf4 31. Rxf4+ Ke5 32. Rfg4 Rh8 33. Rd1 Rh6
34. Rd2 Rh5 35. a3 bxa3+ 36. Kxa3 Rh6 37. c4 Rh5 38. Rxg6 Rxh4 39. Rgxd6 Rxe4
40. R6d5+ Rxd5 41. Rxd5+ Ke6 42. Rxa5 Kd6 43. Kb4 Kc6 44. Ra6+ Kb7 45. Rh6 1-0

[Event "CPA Zevio 2013"]
[Site "Zevio (VR)"]
[Date "2013.01.12"]
[Round "1.12"]
[White "Tencheni, Maurizio"]
[Black "Bortolazzi, Michele"]
[Result "0-1"]
[WhiteElo "1677"]
[BlackElo "1896"]
[PlyCount "92"]
[EventDate "2014.02.11"]
[SourceDate "2014.02.11"]

1. d4 Nf6 2. Nf3 b6 3. e3 Bb7 4. Bd3 e6 5. Nbd2 d5 6. Ne5 Bd6 7. f4 O-O 8. O-O
c5 9. c3 Ne4 10. Qc2 f5 11. Ndf3 cxd4 12. exd4 Nd7 13. Nxd7 Qxd7 14. Ne5 Bxe5
15. fxe5 Kh8 16. Be3 Qe7 17. Rae1 g5 18. g3 Qg7 19. Qg2 Rg8 20. Re2 Raf8 21.
Rf3 Qf7 22. g4 f4 23. Bf2 Rg7 24. Be1 Qd7 25. a3 h6 26. Qh3 Rh7 27. Qh5 Qf7 28.
Qxf7 Rfxf7 29. h3 h5 30. Rh2 Rh6 31. Be2 Rfh7 32. Rf1 h4 33. Bd3 Rc7 34. Rf3
Kg7 35. Re2 Rh8 36. Rg2 Bc6 37. Bf1 a5 38. c4 dxc4 39. Bxc4 Ng3 40. d5 Bxd5 41.
Bxd5 exd5 42. Rc3 Rhc8 43. Rgc2 Rxc3 44. Rxc3 Ne2+ 45. Kf2 Nxc3 46. Bxc3 Rxc3
0-1

[Event "CPA Zevio 2013"]
[Site "Casaleone"]
[Date "2013.01.12"]
[Round "1.13"]
[White "Zanchetta, Nicola"]
[Black "Baldaccini, Franco"]
[Result "1-0"]
[WhiteElo "1893"]
[BlackElo "1664"]
[PlyCount "127"]
[TimeControl "900+5"]

{222MB, Fritz13.ctg, NB} 1. e4 {[%emt 0:00:00]} e5 2. Nf3 d6 3. d4 exd4 4. Qxd4
Nf6 5. Nc3 Be7 6. Bc4 O-O 7. O-O Bg4 8. Qe3 {[%emt 0:00:03]} Nc6 9. Nd4 Nxd4
10. Qxd4 Be6 11. Nd5 Nxd5 12. exd5 Bd7 13. Bd3 {[%emt 0:00:07]} f5 14. c3 Be8
15. Bc2 Bg6 16. f4 a6 17. Re1 b5 18. Bd2 Bf6 19. Qe3 Re8 20. Qf3 {[%emt 0:00:
07]} Qd7 21. Rxe8+ Rxe8 22. a4 Rb8 23. b4 Bf7 {[%emt 0:00:15]} 24. Qd3 g6 25.
Kf2 c5 26. dxc6 Qxc6 27. axb5 axb5 28. Ra3 Re8 29. Be3 Bc4 30. Qd2 Bh4+ 31. Kg1
Bd8 {[%emt 0:00:09]} 32. Kh1 {[%emt 0:00:07]} Bb6 33. Bxb6 Re2 {[%emt 0:00:00]}
34. Qxe2 Bxe2 35. Bd4 Bf1 36. Bb3+ Kf8 37. Ra2 Bc4 38. Bxc4 bxc4 39. Kg1 Qe4
40. Rf2 h6 41. h4 Kf7 42. g3 g5 43. fxg5 hxg5 44. hxg5 Qg4 45. Kg2 Qxg5 46. Rf4
Ke6 47. b5 Kd7 48. b6 Kc6 49. Be3 Kb7 50. Re4 Qg8 51. Re7+ Kc6 52. Rc7+ Kb5 53.
b7 Qb8 54. Rf7 Kc6 55. Kf2 Qe8 56. Re7 Qh8 57. Ba7 {[%emt 0:00:02]} Qh2+ 58.
Kf3 Qh1+ 59. Ke2 Qg2+ 60. Bf2 Qd5 61. b8=Q Qd3+ 62. Ke1 Qxc3+ 63. Kf1 Qd3+ 64.
Kg1 1-0

[Event "CPA Zevio 2013"]
[Site "Casaleone"]
[Date "2013.01.12"]
[Round "1.14"]
[White "Jirillo, Antonio"]
[Black "Bonini, Roberto"]
[Result "1/2-1/2"]
[WhiteElo "1664"]
[BlackElo "1888"]
[PlyCount "90"]

{222MB, Fritz13.ctg, NB} 1. d4 Nf6 2. Nf3 g6 3. Bf4 Bg7 4. e3 b6 5. Nbd2 Bb7 6.
c3 d6 7. Be2 Nbd7 8. h3 c5 9. O-O O-O 10. a4 Re8 11. Bb5 Qc8 12. Rc1 Ba6 13.
Qe2 Bxb5 14. Qxb5 Qb7 15. Rfe1 a6 16. Qb3 b5 17. axb5 axb5 18. Ra1 Ra6 19. Rxa6
Qxa6 20. e4 Ra8 21. e5 c4 22. Qc2 Nd5 23. Bg3 dxe5 24. Bxe5 Bxe5 25. Nxe5 N7f6
26. Ne4 Nxe4 27. Qxe4 Qd6 28. Ng4 Ra2 29. Qb1 Ra7 30. Ne3 Nf4 31. Qe4 Nd3 32.
Rb1 Qf4 33. Qxf4 Nxf4 34. Nd1 e6 35. h4 Kf8 36. f3 Nd3 37. Kf1 Ra2 38. Ke2 Ke7
39. Ke3 Kd6 40. b3 e5 41. bxc4 bxc4 42. dxe5+ Kxe5 43. Rb5+ Kd6 44. Rb7 Ra1 45.
Kd2 Ra2+ 1/2-1/2

[Event "CPA Zevio 2013"]
[Site "Casaleone"]
[Date "2013.01.12"]
[Round "1.16"]
[White "Zonta, Riccardo"]
[Black "De Paoli, Emilio"]
[Result "1-0"]
[WhiteElo "1638"]
[BlackElo "1863"]
[PlyCount "107"]

{222MB, Fritz13.ctg, NB} 1. e4 e6 2. d4 d5 3. exd5 Qxd5 4. Nf3 Qa5+ 5. c3 c5 6.
Bd3 Nf6 7. O-O Be7 8. Nbd2 cxd4 9. Nb3 Qd5 10. cxd4 O-O 11. Re1 Nc6 12. Bd2 Nb4
13. Bb1 b6 14. a3 Nc6 15. Ba2 Qh5 16. Rc1 Bb7 17. Ne5 Nxe5 18. Qxh5 Nxh5 19.
Rxe5 Nf6 20. Rc7 Ng4 21. Re1 Nxh2 22. Rxe7 Bd5 23. Kxh2 Rfc8 24. Rc1 Bxb3 25.
Rxc8+ Rxc8 26. Bxb3 a6 27. Ra7 a5 28. Rb7 h6 29. Bc3 Rc6 30. d5 exd5 31. Bxd5
Rd6 32. Bxf7+ Kf8 33. Bb3 g5 34. Bf7 b5 35. Bh5 Rc6 36. g4 Rc4 37. Kg2 Re4 38.
Bxa5 Re2 39. Bb4+ Kg8 40. Bf7+ Kg7 41. Bc4+ Kg6 42. Bxe2 h5 43. Bd3+ Kf6 44.
Bc3+ Ke6 45. gxh5 b4 46. Bxb4 g4 47. h6 g3 48. h7 gxf2 49. Bc4+ Kf5 50. h8=Q
Ke4 51. Re7+ Kf5 52. Qf8+ Kg6 53. Rg7+ Kh6 54. Qh8# 1-0

[Event "CPA Zevio 2013"]
[Site "Casaleone"]
[Date "2013.01.12"]
[Round "1.17"]
[White "Marino, Francesco V"]
[Black "Bartiromo, Gerardo"]
[Result "0-1"]
[WhiteElo "1834"]
[BlackElo "1621"]
[PlyCount "108"]
[EventDate "2013.??.??"]

1. c4 Nf6 2. g3 g6 3. Bg2 Bg7 4. Nf3 d6 5. O-O O-O 6. Nc3 e5 7. d3 c6 8. Rb1 a5
9. a3 Nbd7 10. b4 axb4 11. axb4 Qc7 12. b5 c5 13. Ne1 Nb6 14. Nc2 Be6 15. e4
Qd7 16. Ne3 Bh3 17. Ncd5 Nbxd5 18. cxd5 Bxg2 19. Kxg2 Ne8 20. Nc4 Qd8 21. Bb2
f5 22. f4 exf4 23. Rxf4 Bxb2 24. Rxb2 Ng7 25. Rbf2 Qe7 26. Qe2 Rae8 27. Rh4 Qd7
28. Qd2 fxe4 29. Rxf8+ Rxf8 30. dxe4 Qxb5 31. Ne3 Qd7 32. Ng4 Qe7 33. Nh6+ Kh8
34. Qd3 Qe5 35. Qd2 b5 36. Rf4 Qe7 37. Qf2 Rxf4 38. Qxf4 Ne8 39. e5 dxe5 40.
Nf7+ Kg7 41. Nxe5 Nd6 42. Nc6 Qe2+ 43. Qf2 Qxf2+ 44. Kxf2 Kf6 45. Ke3 g5 46. g4
h6 47. Kd3 Nf7 48. Na7 Ne5+ 49. Kc3 b4+ 50. Kb3 Nxg4 51. Kc4 Nxh2 52. Kxc5 b3
53. d6 b2 54. d7 Ke7 0-1

[Event "CPA Zevio 2013"]
[Site "Casaleone"]
[Date "2013.01.12"]
[Round "1.18"]
[White "Bruno, Elio"]
[Black "La Piana, Antonio"]
[Result "0-1"]
[WhiteElo "1630"]
[BlackElo "1820"]
[PlyCount "118"]

{222MB, Fritz13.ctg, NB} 1. e4 e5 2. Nf3 Nc6 3. Bb5 a6 4. Ba4 Nf6 5. O-O b5 6.
Bb3 Be7 7. Re1 O-O 8. c3 d6 9. h3 Na5 10. Bc2 c5 11. d4 cxd4 12. cxd4 Qc7 13.
Nbd2 Bd7 14. Nf1 Rac8 15. Ne3 Nc6 16. d5 Nb4 17. Bb1 a5 18. a3 Na6 19. Nf5 Bxf5
20. exf5 Qb7 21. Ba2 Nc7 22. Bg5 h6 23. Bxf6 Bxf6 24. Re4 Na6 25. Rb1 Nc5 26.
Re2 Rc7 27. Nh2 Rfc8 28. Ng4 Bg5 29. g3 Nd7 30. Ne3 Nb6 31. h4 Be7 32. Ng4 Nd7
33. Kh2 Nf6 34. Nxf6+ Bxf6 35. b4 a4 36. Rbb2 Rc3 37. Re3 Qc7 38. Qe2 Rxe3 39.
fxe3 Qc3 40. Rd2 Qxa3 41. Qxb5 Qxe3 42. Re2 Qf3 43. Rg2 a3 44. Qd7 Rd8 45. Qc6
e4 46. Qb5 e3 47. Qe2 Qxe2 48. Rxe2 Bd4 49. Kg2 Rb8 50. Kf3 Rxb4 51. Rc2 Rb2
52. Rxb2 axb2 53. Bb1 Kf8 54. Be4 Ke7 55. g4 Kf6 56. Bb1 Ke5 57. Ba2 Bc5 58. h5
f6 59. Ke2 Kf4 0-1

[Event "CPA Zevio 2013"]
[Site "Casaleone"]
[Date "2013.01.12"]
[Round "1.21"]
[White "Fratton, Zeno"]
[Black "De Togni, Paolo"]
[Result "1-0"]
[WhiteElo "1819"]
[BlackElo "1480"]
[PlyCount "50"]

{222MB, Fritz13.ctg, NB} 1. e4 e6 2. d4 d5 3. Nc3 Nf6 4. e5 Nfd7 5. f4 c5 6.
Nf3 Nc6 7. Be3 Be7 8. Qd2 Qb6 9. Na4 Qb4 10. Nxc5 Nxc5 11. dxc5 Qxb2 12. Rd1
Qxa2 13. Bb5 Bd7 14. O-O Qa5 15. Bxc6 Qxd2 16. Bxd7+ Kxd7 17. Rxd2 Rhc8 18. Rb1
Rab8 19. Rb5 a6 20. Ra5 h6 21. c4 Bd8 22. Ra1 Kc6 23. cxd5+ exd5 24. Rad1 Bc7
25. Rxd5 a5 1-0

[Event "CPA 2013 Zevio"]
[Site "?"]
[Date "2013.01.13"]
[Round "2.2"]
[White "Luciani, Valerio"]
[Black "Negro, Raffaele"]
[Result "1/2-1/2"]
[WhiteElo "2227"]
[BlackElo "1826"]
[PlyCount "54"]

1. c4 e5 2. Nc3 Nc6 3. g3 g6 4. Bg2 Bg7 5. e3 f5 6. Nge2 Nf6 7. O-O O-O 8. d3
d6 9. f4 Be6 10. Rb1 Rb8 11. b3 Qd7 12. fxe5 dxe5 13. d4 exd4 14. exd4 Bf7 15.
d5 Ne5 16. Be3 a6 17. Bd4 Rfe8 18. h3 b5 19. Bxe5 Rxe5 20. Nd4 Re3 21. Nce2
Rbe8 22. Kh2 Nh5 23. Rf3 Qd6 24. Ne6 Rxf3 25. Bxf3 Bxe6 26. Bxh5 Bf7 27. Bf3
Re3 1/2-1/2

[Event "CPA 2013 Zevio"]
[Site "?"]
[Date "2013.01.13"]
[Round "2.3"]
[White "La Piana, Antonio"]
[Black "Carli, Carlo"]
[Result "0-1"]
[WhiteElo "1830"]
[BlackElo "2067"]
[PlyCount "114"]

1. e4 c6 2. d4 d5 3. Nc3 dxe4 4. Nxe4 Nd7 5. Nf3 Ngf6 6. Bd3 Nxe4 7. Bxe4 Nf6
8. Bd3 Bg4 9. c3 e6 10. O-O Qc7 11. h3 Bxf3 12. Qxf3 Be7 13. Bf4 Qb6 14. Rab1
O-O 15. g4 Rad8 16. g5 Nd5 17. Qe4 g6 18. Bd2 c5 19. c4 Nb4 20. Bxb4 Rxd4 21.
Bxc5 Qxc5 22. Qf3 Qxg5+ 23. Kh1 b6 24. Rbd1 Rfd8 25. Rg1 Qh6 26. Rg4 Rxg4 27.
Qxg4 Qg7 28. b3 Qb2 29. Qe2 Qf6 30. Bc2 Rxd1+ 31. Bxd1 Bc5 32. Kg2 h5 33. Qf3
Qb2 34. Qe2 Qd4 35. Qf3 a5 36. Qe2 Bd6 37. Bc2 Qf4 38. Kf1 Qh2 39. Qf3 Qe5 40.
Qe2 Qa1+ 41. Bd1 Bc5 42. Kg2 Qd4 43. Bc2 e5 44. Be4 Kg7 45. Bd5 f5 46. Kf1 e4
47. Kg2 Kf6 48. Kf1 g5 49. a3 g4 50. hxg4 hxg4 51. b4 axb4 52. axb4 Bxb4 53.
Kg2 Bc5 54. Kg3 Qc3+ 55. Kg2 Qh3+ 56. Kg1 g3 57. Qb2+ Kg6 0-1

[Event "CPA Zevio 2013"]
[Site "Casaleone"]
[Date "2013.01.13"]
[Round "2.4"]
[White "Bertani, Gianfranco"]
[Black "Molinaroli, Giacomo"]
[Result "1-0"]
[WhiteElo "2051"]
[BlackElo "1875"]
[PlyCount "81"]
[EventDate "2013.??.??"]

1. d4 d5 2. e3 Nf6 3. Bd3 Bg4 4. Ne2 Nbd7 5. h3 Bh5 6. f4 Bxe2 7. Qxe2 e6 8.
Nd2 c5 9. c3 Bd6 10. O-O Qc7 11. Nf3 O-O-O 12. Ne5 Rdf8 13. Bd2 h6 14. Rfc1 Kb8
15. c4 Qd8 16. b4 cxd4 17. exd4 dxc4 18. Rxc4 Nb6 19. Rc2 Qe7 20. a4 Rc8 21. a5
Rxc2 22. Bxc2 Nbd5 23. a6 Rc8 24. Ba4 Bxe5 25. dxe5 Nd7 26. axb7 Kxb7 27. Bd1
N7b6 28. Qa6+ Kb8 29. Bf3 Rc2 30. Be1 Qc7 31. f5 Rc1 32. Bxd5 Nxd5 33. fxe6
Rxa1 34. Qxa1 fxe6 35. b5 Nb6 36. Bf2 Qc4 37. Qa3 Qc7 38. Bc5 Ka8 39. Bd6 Qc4
40. Qf3+ Qd5 41. Qf8+ 1-0

[Event "CPA Zevio 2013 "]
[Site "zEVIO"]
[Date "2013.01.13"]
[Round "2.6"]
[White "Marin, Alessandro"]
[Black "Zanchetta, Nicola"]
[Result "1/2-1/2"]
[WhiteElo "1988"]
[BlackElo "1893"]
[PlyCount "120"]
[EventDate "2013.01.13"]
[EventType "tourn"]
[EventRounds "2"]
[EventCountry "ITA"]

1. e4 e6 2. d3 d5 3. Nd2 c5 4. Ngf3 Nc6 5. g3 Nf6 6. Bg2 Be7 7. O-O b6 8. Re1
Bb7 9. c3 Qc7 10. exd5 exd5 11. Nf1 O-O 12. Bg5 h6 13. Bf4 Bd6 14. Bxd6 Qxd6
15. d4 c4 16. Qc2 Rae8 17. Ne3 Bc8 18. h3 b5 19. Re2 Re7 20. Rae1 Rfe8 21. b4
Ne4 22. Nh4 Nf6 23. Nef5 Bxf5 24. Nxf5 Rxe2 25. Nxd6 Rxc2 26. Nxe8 Rxc3 27.
Nxf6+ gxf6 28. Bxd5 Nxb4 29. Be4 Nd3 30. Re2 a5 31. Bc6 b4 32. d5 b3 33. d6 Ne5
34. Ba4 Rd3 35. axb3 Rxd6 36. bxc4 Nxc4 37. Re8+ Kg7 38. Re7 Nb6 39. Bb3 Rd7
40. Re4 Rd3 41. Ba4 Ra3 42. Bb5 Ra1+ 43. Kg2 a4 44. Re7 a3 45. Ra7 Kf8 46. Bd3
a2 47. Bc2 Nd5 48. Bb3 Nc3 49. Rxf7+ Ke8 50. Bxa2 Rxa2 51. Rxf6 Ke7 52. Rxh6
Nd1 53. h4 Rxf2+ {[%emt 0:00:02]} 54. Kh3 Ne3 55. h5 Rf1 56. g4 Kf7 57. Ra6
Rh1+ 58. Kg3 Rg1+ 59. Kf4 Rxg4+ 60. Kxe3 Kg7 1/2-1/2

[Event "CPA Zevio 2013 "]
[Site "zEVIO"]
[Date "2013.01.13"]
[Round "2.7"]
[White "Rizzati, Aldo"]
[Black "Oppici, Gabriele"]
[Result "0-1"]
[WhiteElo "1944"]
[BlackElo "1977"]
[PlyCount "60"]
[EventDate "2013.01.13"]
[EventType "tourn"]
[EventRounds "2"]
[EventCountry "ITA"]

1. e4 Nc6 2. d4 e5 3. Nf3 exd4 4. Nxd4 Bb4+ 5. c3 Bc5 6. Be3 Bb6 7. Be2 Nf6 8.
Nd2 d5 9. Bf3 Ne5 10. O-O h6 11. exd5 Nxd5 12. Re1 O-O 13. Qc2 Nxf3+ 14. N2xf3
Qf6 15. Bd2 c5 16. Ne2 Bf5 17. Qa4 Qd6 18. Ng3 Bd7 19. Qc2 Rfe8 20. Rad1 Be6
21. c4 Nf4 22. Bc3 Qc6 23. Be5 Bc7 24. Re3 Bxe5 25. Rxe5 Bg4 26. Rde1 Rxe5 27.
Rxe5 Bxf3 28. gxf3 Qxf3 29. Kf1 Rd8 30. Ke1 Nd3+ 0-1

[Event "CPA Zevio 2013 "]
[Site "zEVIO"]
[Date "2013.01.13"]
[Round "2.8"]
[White "Brunelli, Giovanni"]
[Black "Khachab, Ibrahim"]
[Result "0-1"]
[WhiteElo "1871"]
[BlackElo "1922"]
[PlyCount "78"]
[EventDate "2013.01.13"]
[EventRounds "2"]
[EventCountry "ITA"]

1. e4 e6 2. d4 d5 3. exd5 exd5 4. Bd3 Bd6 5. Nc3 c6 6. Be3 Nf6 7. Qd2 O-O 8.
O-O-O b5 9. f3 a5 10. Kb1 a4 11. Nce2 b4 12. Nc1 Ba6 13. Nge2 Bxd3 14. cxd3 Re8
15. Bg5 h6 16. Bf4 b3 17. a3 Na6 18. Bxd6 Qxd6 19. g4 Nh7 20. Ng3 Nc7 21. Nf5
Qf6 22. Ne2 Nb5 23. Nf4 g6 24. Nxh6+ Kg7 25. h4 Nxd4 26. Nf5+ Nxf5 27. gxf5
Qxf5 28. h5 g5 29. Rhg1 Kh6 30. Ne2 c5 31. f4 c4 32. Ng3 Qf6 33. fxg5+ Nxg5 34.
Rdf1 Qe5 35. Nf5+ Kh7 36. Qxg5 Re6 37. d4 Qf6 38. Qg4 Rae8 39. Qg3 Re2 0-1

[Event "CPA Zevio 2013 "]
[Site "zEVIO"]
[Date "2013.01.13"]
[Round "2.9"]
[White "Bartiromo, Gerardo"]
[Black "Fratton, Zeno"]
[Result "1/2-1/2"]
[WhiteElo "1620"]
[BlackElo "1819"]
[PlyCount "101"]
[EventDate "2013.01.13"]
[EventRounds "2"]
[EventCountry "ITA"]

1. d4 Nf6 2. Nf3 e6 3. g3 Be7 4. Bg2 O-O 5. O-O d5 6. Nbd2 Nbd7 7. c4 c6 8. Re1
c5 9. cxd5 exd5 10. dxc5 Nxc5 11. Nd4 Nce4 12. Nxe4 dxe4 13. e3 Bg4 14. Qb3 Bc5
15. Ne2 Rc8 16. Nc3 Qe7 17. h3 Be6 18. Qa4 Bb4 19. Bd2 Rfd8 20. Rad1 Bf5 21. a3
Bc5 22. Bc1 Be6 23. Rxd8+ Rxd8 24. Kh2 h5 25. Rd1 Rc8 26. Ne2 g5 27. Nd4 Bxd4
28. Qxd4 Qd7 29. Qxd7 Nxd7 30. Bd2 Ne5 31. Bc3 Nd3 32. Rd2 Rc6 33. Rxd3 exd3
34. Bxc6 bxc6 35. Kg2 c5 36. f3 f6 37. g4 hxg4 38. hxg4 Bd7 39. Kf2 Kf7 40. e4
c4 41. Ke3 Ke6 42. Kd4 Bb5 43. Kc5 a6 44. Kb4 Kd6 45. a4 Bc6 46. Kxc4 Bxa4 47.
Kxd3 Ke6 48. Ke3 Bd1 49. f4 Bxg4 50. fxg5 fxg5 51. Kf2 1/2-1/2

[Event "CPA Zevio 2013 "]
[Site "zEVIO"]
[Date "2013.01.13"]
[Round "2.10"]
[White "Zonta, Riccardo"]
[Black "Avanzini, Angelo"]
[Result "1/2-1/2"]
[WhiteElo "1638"]
[BlackElo "1488"]
[PlyCount "132"]
[EventDate "2013.01.13"]
[EventRounds "2"]
[EventCountry "ITA"]

1. e4 c5 2. b3 Nc6 3. Bb2 d6 4. Nf3 e5 5. Nc3 Nf6 6. Bc4 Be7 7. O-O O-O 8. Re1
Be6 9. Bxe6 fxe6 10. h3 d5 11. exd5 exd5 12. d3 d4 13. Ne4 Nxe4 14. dxe4 Bh4
15. Qe2 Rf7 16. Rad1 Be7 17. a3 Qd6 18. Rf1 Raf8 19. Rd3 Qg6 20. Bc1 Nd8 21.
Ne1 Qe6 22. Rf3 Rxf3 23. Nxf3 Nf7 24. a4 h6 25. Qb5 Nd6 26. Qe2 a6 27. Ba3 b6
28. Nd2 Qg6 29. Bc1 Bg5 30. f3 b5 31. Nb1 Bxc1 32. Rxc1 Rf4 33. Na3 Qg5 34. Rf1
Rh4 35. Kh1 Qf6 36. axb5 axb5 37. Nxb5 Nxb5 38. Qxb5 Rf4 39. Qxc5 Qe6 40. Re1
Rf8 41. Qd5 Qxd5 42. exd5 Re8 43. Kg1 Kf7 44. Kf2 Kf6 45. b4 Rd8 46. Ke2 Rxd5
47. Kd3 Kf5 48. Re4 Rd7 49. g3 Rc7 50. g4+ Kf6 51. Re2 Rc3+ 52. Ke4 Rc4 53. f4
exf4 54. Kd3 Rxb4 55. Re4 g5 56. Rxd4 Rxd4+ 57. Kxd4 Ke6 58. Ke4 Kd6 59. h4 Kc5
60. hxg5 hxg5 61. Kd3 Kd5 62. Ke2 Kd4 63. Kd2 Ke4 64. Ke2 f3+ 65. Kf2 Kf4 66.
c4 Kxg4 1/2-1/2

[Event "CPA Zevio 2013 "]
[Site "zEVIO"]
[Date "2013.01.13"]
[Round "2.12"]
[White "Adami, Antonio"]
[Black "Jirillo, Antonio"]
[Result "1-0"]
[WhiteElo "1720"]
[BlackElo "1663"]
[PlyCount "117"]
[EventDate "2013.01.13"]
[EventRounds "2"]
[EventCountry "ITA"]

1. e4 Nf6 2. Nc3 d5 3. e5 d4 4. exf6 dxc3 5. fxe7 cxd2+ 6. Qxd2 Qxe7+ 7. Be2
Nc6 8. Nf3 Bg4 9. O-O Rd8 10. Qe3 Qxe3 11. Bxe3 Bd6 12. h3 Bd7 13. Bg5 Be7 14.
Bd3 O-O 15. Rfe1 Rfe8 16. a3 h6 17. Bf4 Rc8 18. Re2 Bf6 19. c3 Rxe2 20. Bxe2 a6
21. Rd1 Be6 22. Rd2 Ne7 23. Bd1 c6 24. Bc2 Nd5 25. Be5 Bxe5 26. Nxe5 g5 27. c4
Nf6 28. b3 Kg7 29. Nf3 g4 30. hxg4 Bxg4 31. Nh4 Re8 32. f3 Bc8 33. Kf2 Be6 34.
g4 Kf8 35. Kg3 Nd7 36. f4 Nb6 37. Nf3 a5 38. Ne5 Ke7 39. Rh2 Rh8 40. g5 h5 41.
f5 Bc8 42. Ng4 Kf8 43. Nf6 h4+ 44. Rxh4 Rxh4 45. Kxh4 a4 46. Kg4 axb3 47. Bxb3
Nd7 48. Nxd7+ Bxd7 49. c5 Kg7 50. Bc2 f6 51. g6 Bc8 52. Bd3 Bd7 53. Bc4 Be8 54.
Be6 Kh6 55. Bc8 b5 56. cxb6 c5 57. b7 c4 58. b8=Q c3 59. Qh2+ 1-0

[Event "CPA Zevio 2013 "]
[Site "zEVIO"]
[Date "2013.01.13"]
[Round "2.13"]
[White "De Paoli, Emilio"]
[Black "Marino, Francesco V."]
[Result "1/2-1/2"]
[WhiteElo "1863"]
[BlackElo "1834"]
[PlyCount "131"]
[EventDate "2013.01.13"]
[EventRounds "2"]
[EventCountry "ITA"]

1. e4 d6 2. f4 g6 3. Nf3 Bg7 4. d4 Nf6 5. Nbd2 O-O 6. e5 Nd5 7. Ne4 dxe5 8.
fxe5 Bf5 9. Ng3 Bg4 10. h3 Bc8 11. Bd2 Nc6 12. Qc1 Nxd4 13. Nxd4 Bxe5 14. Nde2
Qd6 15. Kf2 Qb6+ 16. Be3 Nxe3 17. Qxe3 Qxb2 18. Rd1 Bd6 19. Ne4 Be6 20. Nxd6
exd6 21. Nd4 Bxa2 22. Be2 Rae8 23. Qd2 Re5 24. c3 Qxd2 25. Rxd2 Be6 26. Ra1 a6
27. Rb1 b5 28. Nxe6 fxe6+ 29. Kg1 Rc5 30. Rd3 Rf4 31. Bg4 e5 32. Be6+ Kf8 33.
g3 Rf6 34. Rf1 Ke7 35. Bg8 h5 36. Rdf3 Rxf3 37. Rxf3 Kd7 38. Bf7 e4 39. Re3 Rg5
40. Kh2 d5 41. h4 Re5 42. Bxg6 c5 43. Re2 a5 44. Ra2 b4 45. Rxa5 e3 46. Bd3 e2
47. Bxe2 Rxe2+ 48. Kh3 bxc3 49. Rxc5 Kd6 50. Rxc3 d4 51. Ra3 Re5 52. Kg2 Rc5
53. Kf2 Kd5 54. Ra8 Ke4 55. Re8+ Kd3 56. g4 hxg4 57. Kg3 Kc2 58. Kxg4 d3 59.
Rd8 d2 60. h5 d1=Q+ 61. Rxd1 Kxd1 62. h6 Ke2 63. h7 Rc8 64. Kg5 Kf3 65. Kg6 Kg4
66. Kg7 1/2-1/2

[Event "CPA Zevio 2013 "]
[Site "zEVIO"]
[Date "2013.01.13"]
[Round "2.14"]
[White "De Togni, Paolo"]
[Black "Garofalo, Sergio"]
[Result "1/2-1/2"]
[WhiteElo "1483"]
[BlackElo "1822"]
[PlyCount "143"]
[EventDate "2013.01.13"]
[EventRounds "2"]
[EventCountry "ITA"]

1. d4 f5 2. Nf3 Nf6 3. b3 e6 4. Bb2 Be7 5. Nbd2 d6 6. e3 b6 7. Bd3 Bb7 8. Qe2
Ne4 9. Rd1 Nd7 10. c4 O-O 11. O-O Qe8 12. Ne1 Qg6 13. f3 Nxd2 14. Rxd2 d5 15.
f4 Nf6 16. Nf3 Ne4 17. Bxe4 fxe4 18. Ne5 Qe8 19. g4 Bd6 20. g5 a5 21. a4 Bxe5
22. dxe5 dxc4 23. Rc1 cxb3 24. Rxc7 Ba6 25. Qd1 Rd8 26. Rdd7 Rxd7 27. Rxd7 Bd3
28. Rd4 Qc6 29. Qxb3 Rc8 30. Rd6 Qc5 31. Qxe6+ Kf8 32. Rd4 Bc4 33. Qd6+ Qxd6
34. exd6 Bd3 35. d7 Rd8 36. Ba3+ Kf7 37. Rd6 b5 38. axb5 Bxb5 39. Rd5 Bxd7 40.
Rxa5 Bh3 41. Re5 Rd2 42. Bb4 Rg2+ 43. Kh1 Rb2 44. Re7+ Kg6 45. Rxg7+ Kf5 46.
Kg1 Rxb4 47. Rxh7 Kg4 48. Kf2 Rb2+ 49. Ke1 Bg2 50. Rd7 Kf3 51. Rd2 Rb1+ 52. Rd1
Rb3 53. Kd2 Rxe3 54. f5 Re2+ 55. Kc3 Bh3 56. f6 Be6 57. g6 Rf2 58. Rd6 Ba2 59.
f7 Kg2 60. Rd2 e3 61. Rxf2+ exf2 62. f8=Q f1=Q 63. Qxf1+ Kxf1 64. h4 Bb1 65. g7
Bh7 66. Kd4 Kf2 67. Ke5 Kg3 68. h5 Kg4 69. h6 Kg5 70. Ke6 Kxh6 71. Kf7 Kg5 72.
Kf8 1/2-1/2